Jean-François Mattéi, Le Procès de l’Europe, Paris, Presses universitaires de France, 2010, 250 p., 22,50 € (notice n° 1658341)

détails MARC
000 -LEADER
fixed length control field 01109cam a2200169 4500500
005 - DATE AND TIME OF LATEST TRANSACTION
control field 20260208010818.0
041 ## - LANGUAGE CODE
Language code of text/sound track or separate title fre
042 ## - AUTHENTICATION CODE
Authentication code dc
100 10 - MAIN ENTRY--PERSONAL NAME
Personal name Lorvellec, Yves
Relator term author
245 00 - TITLE STATEMENT
Title Jean-François Mattéi, Le Procès de l’Europe, Paris, Presses universitaires de France, 2010, 250 p., 22,50 €
260 ## - PUBLICATION, DISTRIBUTION, ETC.
Date of publication, distribution, etc. 2013.<br/>
500 ## - GENERAL NOTE
General note 91
520 ## - SUMMARY, ETC.
Summary, etc. Revue critique portant sur deux ouvrages de Marcel Hénaff sur le don : Le Prix de la vérité. Le don, l’argent, la philosophie, 2002 et Le Don des philosophes. Penser la réciprocité, 2012.
520 ## - SUMMARY, ETC.
Summary, etc. The Philosophy of Gift. Reciprocity in AnthropologyCritical review of two books on gift by Marcel Hénaff : Le Prix de la vérité. Le don, l’argent, la philosophie, 2002 (English translation : The Price of Truth. Gift, Money and Philosophy, 2010) ; Le Don des philosophes. Penser la réciprocité, 2012.
786 0# - DATA SOURCE ENTRY
Note Revue philosophique de la France et de l'étranger | 138 | 3 | 2013-08-29 | p. 401s-428s | 0035-3833
856 41 - ELECTRONIC LOCATION AND ACCESS
Uniform Resource Identifier <a href="https://shs.cairn.info/revue-philosophique-2013-3-page-401s?lang=fr&redirect-ssocas=7080">https://shs.cairn.info/revue-philosophique-2013-3-page-401s?lang=fr&redirect-ssocas=7080</a>

Pas d'exemplaire disponible.

PLUDOC

PLUDOC est la plateforme unique et centralisée de gestion des bibliothèques physiques et numériques de Guinée administré par le CEDUST. Elle est la plus grande base de données de ressources documentaires pour les Étudiants, Enseignants chercheurs et Chercheurs de Guinée.

Adresse

627 919 101/664 919 101

25 boulevard du commerce
Kaloum, Conakry, Guinée

Réseaux sociaux

Powered by Netsen Group @ 2025